000 00418nam a2200169Ia 4500
005 20250507130026.0
008 008 250505s9999 xx 000 0 eng d
037 _aBound Volumes
040 _aEASL
_beng
_cEASL
041 _aeng
_2eng
084 _qEASL
245 0 _aNewsletter - Association of Research Library
260 _c0000
490 _v12-24
942 _cCR
999 _c1316565
_d1316565